Deutsche Nummer-1-Hits mit D - Statistiken

Allgemein
  • Dieses Quiz wurde 72 mal gespielt
  • Das Durchschnittsergebnis liegt bei 10 aus 19
Antwortstatistiken
Jahr Textzeile Titel % Korrekt
2006 Du bist __ ____, was mir je passiert ist, es tut so gut, wie du mich liebst Das Beste
90%
2005 Ich muss ___ __ _____, hinter die Welt, ans Ende der Zeit, bis kein Regen mehr fällt Durch den Monsun
87%
2012 So shine bright tonight, you and I, we're beautiful like ______ in the sky Diamonds
86%
1976 She's crazy like a fool Daddy Cool
79%
1982 Drah di net um, oh oh oh, schau schau, __ _______ geht um Der Kommissar
78%
2001 I wanna be ______ __ ___ ___, I wanna be sunlight only warmer Daylight in Your Eyes
76%
2019 Dance for me, dance for me, dance for me, oh, oh, oh, I've never seen anybody do the things you do before Dance Monkey
73%
1979 He Reiter, ho Reiter, he Reiter, immer weiter Dschinghis Khan
65%
2017 Vi que tu mirada ya estaba llamándome, muéstrame el camino que yo voy Despacito
57%
2004 Alo, salut, sunt eu un haiduc, si te rog iubirea mea primeste fericirea Dragostea din tei
52%
1988 Here's a little song I wrote, you might want to sing it note for note Don’t Worry, Be Happy
51%
2014 I don't know where the lights are taking us, but something in the night is ________ Dangerous
43%
2002 Nelly, I love you, I do need you, no matter what I do, all I think about is you Dilemma
38%
1985 There won't be snow in Africa this christmas time Do They Know It’s Christmas?
38%
1976 Friday night and the lights are low, looking out for a place to go where they play the right music Dancing Queen
25%
2021 Ich würd dir eigentlich gern sagen, alles wird gut, die Menschen sind schlecht und die Welt ist am Arsch Der letzte Song (Alles wird gut)
25%
1997 Ich scheiß auf dich, das war's, __ _____ ___ ____ Du liebst mich nicht
24%
1973 __ ____ __ __ _____________ singt von dem, was einst geschah Der Junge mit der Mundharmonika
19%
1968 As she deceived me I watched and went out of my mind, my, my, my, ______ Delilah
17%
Keine übereinstimmenden Quizze gefunden
Verteilung der Resultate
Anzahl Personen mit jedem Resultat
Perzentil nach korrekt beantworteten Fragen
Ihre Resultats-Entwicklung
Sie haben dieses Quiz noch nicht gespielt